00975nam a22002177a 4500008004100000020002500041040000800066082001600074100008600090245003000176260009800206300003200304336002700336337003300363338002900396505015400425700003600579942001800615952010700633999001700740260513b mx ||||| |||| 00| 0 spa d a84-253-0607-8 (ISBN) bspa042869.6 / B42 aLAS TRES MARIAS (Maria Velho da Costa, Maria Isabel Barreno y Maria Teresa Horta) aNUEVAS CARTAS PORTUGUESAS aESPAÑAbFUTURA Y MARÍA ISABEL BARRENO, MARÍA TERESA HORTA, MARÍA VELHO DA COSTAc1974 a377 Páginasb19cm X 12cm  2rdacontentatextobtxt 2rdamediaasin mediaciónbn 2rdacarrieravolumen bnc aUNA OBRA SIMBÓLICA DEL LIBRO MÁS DISCUTIDO Y APASIONADO DE ESTOS ÚLTIMOS AÑOS, UNA DENUNCIA IMPLACABLE DE LA MÍSTICA FEMENINA DEL SIGLO XX. aEDUARDO BUTRAGUEÑObTRADUCTOR 2ddccCONSULTA 00102ddc4070aBPCEFCbBPCEFCd2026-05-13l0o869.6 / B42r2026-05-13 18:24:34w2026-05-13yCONSULTA c68579d68579